[Event "II Liga CS - Istok"]
[Site "Golubac"]
[Date "2008.10.05"]
[Round "4.1"]
[White "Raicevic, Ivica"]
[Black "Zlatanovic, Zoran"]
[Result "1-0"]
[WhiteElo "2303"]
[BlackElo "2203"]
[PlyCount "103"]
[EventDate "2008.09.14"]

1. c4 e5 2. Nc3 Nf6 3. g3 d5 4. cxd5 Nxd5 5. Bg2 Nb6 6. Nf3 Nc6 7. d3 Be7 8. a3
O-O 9. b4 Be6 10. O-O f6 11. Bb2 a5 12. b5 Nd4 13. Nd2 Nd5 14. a4 Nxc3 15. Bxc3
Bd5 16. Bxd4 Bxg2 17. Kxg2 exd4 18. Qb3+ Kh8 19. Qc4 Bb4 20. Nf3 Bc3 21. Rab1
Qd6 22. e4 Rae8 23. h4 Re7 24. h5 Qe6 25. Qxe6 Rxe6 26. Nh4 Re5 27. Nf5 Rfe8
28. f4 Rc5 29. h6 g6 30. Ng7 Re7 31. Rfc1 Kg8 32. g4 b6 33. Kf3 Kf7 34. f5 g5
35. Ne6 Rxe6 36. fxe6+ Kxe6 37. Rc2 Kf7 38. Kg2 Kg6 39. Rf1 Re5 40. Rcf2 Re6
41. Rf5 Bb4 42. Rd5 Rd6 43. Rff5 Rxd5 44. Rxd5 Bc5 45. Rd7 Bd6 46. Rg7+ Kxh6
47. Rg8 Be5 48. Kf3 Bd6 49. Ke2 Be5 50. Kd1 Bf4 51. Kc2 Be5 52. Kb3 1-0

[Event "II Liga CS - Istok"]
[Site "Golubac"]
[Date "2008.10.05"]
[Round "4.1"]
[White "Stojanovic, Jovica M"]
[Black "Turudic, Nenad"]
[Result "0-1"]
[WhiteElo "1934"]
[BlackElo "2224"]
[PlyCount "76"]
[EventDate "2008.09.14"]

1. e4 e5 2. Nf3 Nc6 3. Bb5 a6 4. Ba4 d6 5. c3 Bd7 6. O-O g6 7. d3 Bg7 8. Re1
Nge7 9. Nbd2 O-O 10. Nf1 h6 11. Ne3 Kh7 12. Bc2 f5 13. exf5 Nxf5 14. h3 Nh4 15.
Nh2 Be6 16. Rf1 d5 17. g3 d4 18. Ng2 Nxg2 19. Kxg2 Qd7 20. g4 Bd5+ 21. f3 Nd8
22. Qe1 Ne6 23. Qg3 Rf7 24. Bd2 Raf8 25. c4 Bc6 26. Rae1 b6 27. Kg1 a5 28. b3
Bb7 29. a3 Qd8 30. h4 Bf6 31. g5 hxg5 32. hxg5 Bxg5 33. Rxe5 Bxd2 34. Rxe6 Qg5
35. Ng4 Bxf3 36. Rxf3 Rxf3 37. Qxc7+ R3f7 38. Qh2+ Kg7 0-1

[Event "II Liga CS - Istok"]
[Site "Golubac"]
[Date "2008.10.05"]
[Round "4.1"]
[White "Stojanovic, Sreten"]
[Black "Lalovic, Srecko"]
[Result "0-1"]
[WhiteElo "2200"]
[BlackElo "2219"]
[PlyCount "142"]
[EventDate "2008.09.14"]

1. e4 e5 2. Nf3 Nf6 3. Nc3 Nc6 4. Bc4 Bc5 5. O-O O-O 6. d3 h6 7. Nd5 d6 8. Be3
Bb6 9. Nxb6 axb6 10. h3 d5 11. exd5 Nxd5 12. Qd2 Be6 13. Rfe1 Qf6 14. c3 Nxe3
15. Qxe3 Bxc4 16. dxc4 Rfe8 17. b3 Ra3 18. Re2 Qd8 19. Rd2 Qa8 20. Nh4 Qc8 21.
g4 Qe6 22. Nf5 Rea8 23. Rb2 R8a5 24. Qd2 e4 25. Rd1 Ra8 26. Nd4 Nxd4 27. cxd4
f5 28. Qf4 fxg4 29. d5 Qg6 30. Qxg4 Qxg4+ 31. hxg4 Kf7 32. Rd4 Rxa2 33. Rxa2
Rxa2 34. Rxe4 Rb2 35. Re3 Rd2 36. Rc3 c6 37. Kg2 Kf6 38. Rf3+ Kg6 39. dxc6 bxc6
40. Kg3 b5 41. cxb5 cxb5 42. b4 Rd4 43. Rb3 Kg5 44. f3 Rc4 45. Rb1 Kf6 46. Rb2
Ke5 47. Re2+ Kd6 48. Rd2+ Ke6 49. Re2+ Kd6 50. Rd2+ Ke6 51. Re2+ Kf6 52. Rb2 g5
53. Rb1 Rd4 54. Rb2 Ke5 55. Re2+ Kd5 56. Rb2 Kc4 57. Rh2 Kxb4 58. Rxh6 Kc3 59.
Rh8 Rd5 60. Rc8+ Kb3 61. Rf8 b4 62. f4 Rd3+ 63. Kg2 gxf4 64. Rxf4 Kc3 65. Rf8
b3 66. Rc8+ Kd2 67. Rb8 Kc2 68. g5 b2 69. g6 b1=Q 70. Rc8+ Kd1 71. g7 Qb2+ 0-1

[Event "II Liga CS - Istok"]
[Site "Golubac"]
[Date "2008.10.05"]
[Round "4.2"]
[White "Govedarica, Radovan"]
[Black "Radosavljevic, Slobodan D"]
[Result "1-0"]
[WhiteElo "2399"]
[BlackElo "2267"]
[PlyCount "52"]
[EventDate "2008.09.14"]

1. e4 c5 2. Nf3 g6 3. d4 cxd4 4. Nxd4 Bg7 5. Nc3 Nc6 6. Be3 Nf6 7. Nxc6 bxc6 8.
e5 Nd5 9. Nxd5 cxd5 10. Qxd5 Rb8 11. Bc4 O-O 12. O-O Bb7 13. Qd3 Bxe5 14. Bxa7
Rc8 15. Bd4 Bb8 16. f4 Qa5 17. b3 Qa8 18. Qh3 Ba7 19. Bxa7 Qxa7+ 20. Kh1 Be4
21. c3 d5 22. Be2 Qa3 23. c4 d4 24. Bd3 Ba8 25. Qg3 e6 26. Qf2 Rfd8 1-0

[Event "II Liga CS - Istok"]
[Site "Golubac"]
[Date "2008.10.05"]
[Round "4.2"]
[White "Markovic, Milan D"]
[Black "Dezelin, Milan"]
[Result "0-1"]
[WhiteElo "2349"]
[BlackElo "2318"]
[PlyCount "53"]
[EventDate "2008.09.14"]

1. e4 c5 2. d4 cxd4 3. c3 d5 4. exd5 Qxd5 5. cxd4 Nc6 6. Nf3 e6 7. Nc3 Qd6 8.
Bd3 Nf6 9. O-O Be7 10. Qe2 O-O 11. Rd1 Nb4 12. Bb1 Bd7 13. Ne5 Nbd5 14. Rd3
Rac8 15. Rh3 g6 16. g4 Rfd8 17. g5 Nxc3 18. bxc3 Nd5 19. Nxf7 Nxc3 20. Rxc3
Kxf7 21. Bxg6+ hxg6 22. Rf3+ Ke8 23. Qe4 Bc6 24. Qxg6+ Kd7 25. Ba3 Qd5 26. Qf7
Re8 27. Re1 0-1

[Event "II Liga CS - Istok"]
[Site "Golubac"]
[Date "2008.10.05"]
[Round "4.2"]
[White "Djokic, Nebojsa"]
[Black "Popovic, Djordje D"]
[Result "0-1"]
[WhiteElo "2220"]
[BlackElo "2270"]
[PlyCount "80"]
[EventDate "2008.09.14"]

1. e4 c5 2. Nf3 d6 3. d4 cxd4 4. Nxd4 Nf6 5. Nc3 a6 6. Bg5 e6 7. f4 Qb6 8. Nb3
Nbd7 9. Qd3 Qc7 10. O-O-O b5 11. a3 Bb7 12. Be2 Be7 13. Bf3 O-O 14. Rhe1 Rfc8
15. Kb1 Rab8 16. e5 dxe5 17. Bxf6 Nxf6 18. fxe5 Bxf3 19. gxf3 Rd8 20. Qe3 Rxd1+
21. Rxd1 Nd7 22. f4 Rc8 23. Rd3 Nb6 24. Qe4 g6 25. Qe2 Kg7 26. Qd1 b4 27. axb4
Bxb4 28. Nd2 a5 29. Nde4 a4 30. Nb5 Qc6 31. Nbd6 Rb8 32. Qe2 Nd5 33. Qf2 Bc3
34. Nxc3 Nxc3+ 35. Kc1 a3 36. bxa3 Rb1+ 37. Kd2 Rd1+ 38. Ke3 Nd5+ 39. Kf3 Nb4+
40. Kg4 Nxd3 0-1

[Event "II Liga CS - Istok"]
[Site "Golubac"]
[Date "2008.10.05"]
[Round "4.2"]
[White "Ivanovic, Zoran M"]
[Black "Madjar, Stanislav"]
[Result "1/2-1/2"]
[WhiteElo "2167"]
[BlackElo "2205"]
[PlyCount "37"]
[EventDate "2008.09.14"]

1. e4 Nf6 2. e5 Nd5 3. d4 d6 4. Nf3 dxe5 5. Nxe5 c6 6. Qf3 Be6 7. c3 Nd7 8. Bf4
Nxf4 9. Qxf4 Nxe5 10. Qxe5 Qd6 11. Qe3 g6 12. Be2 Bg7 13. Nd2 O-O 14. O-O b6
15. Rfe1 Rae8 16. Bc4 Bxc4 17. Nxc4 Qd5 18. Ne5 Bxe5 19. Qxe5 1/2-1/2

[Event "II Liga CS - Istok"]
[Site "Golubac"]
[Date "2008.10.05"]
[Round "4.2"]
[White "Cvetanovic, Uros"]
[Black "Zivanovic, Nenad"]
[Result "0-1"]
[WhiteElo "2120"]
[BlackElo "2198"]
[PlyCount "54"]
[EventDate "2008.09.14"]

1. Nc3 d5 2. e4 dxe4 3. Nxe4 Nd7 4. Bc4 e6 5. Nf3 Ngf6 6. Ng3 Be7 7. O-O O-O 8.
d3 h6 9. h3 b6 10. Nh2 Bb7 11. f4 Bd6 12. Qe2 c5 13. Ne4 Bb8 14. Ng4 Re8 15.
Nexf6+ Nxf6 16. f5 e5 17. Bxh6 gxh6 18. Nxh6+ Kg7 19. Qe3 Qd4 20. Qxd4 exd4 21.
Nxf7 Bg3 22. Nd6 Bxd6 23. g4 Bg3 24. Be6 Nd5 25. g5 Nf4 26. Rxf4 Bxf4 27. h4
Rh8 0-1

[Event "II Liga CS - Istok"]
[Site "Golubac"]
[Date "2008.10.05"]
[Round "4.5"]
[White "Stojanovic, Zlatko"]
[Black "Denovic, Branislav"]
[Result "1-0"]
[WhiteElo "2270"]
[BlackElo "2135"]
[PlyCount "109"]
[EventDate "2008.09.14"]

1. e4 e5 2. Nf3 Nc6 3. Bb5 a6 4. Ba4 Nf6 5. O-O Be7 6. Re1 b5 7. Bb3 O-O 8. c3
d5 9. exd5 Nxd5 10. Nxe5 Nxe5 11. Rxe5 Nf6 12. d4 Bd6 13. Re2 Nh5 14. h3 Qh4
15. Qf1 Bg4 16. Re4 Nf6 17. Re5 Bxe5 18. dxe5 Nd7 19. hxg4 Nxe5 20. Bf4 Nxg4
21. Bxc7 Rad8 22. Bg3 Qg5 23. Na3 Rd2 24. Nc2 Qh5 25. Qe1 Rfd8 26. Qe7 Nf6 27.
Nd4 Re8 28. Qc7 h6 29. Nf3 Rxb2 30. Ne5 Rf8 31. Re1 a5 32. Nd7 Nxd7 33. Qxd7 a4
34. Bd5 Re2 35. Rf1 Qg6 36. Qxb5 Qc2 37. Qc4 a3 38. Bd6 Rd8 39. Qc7 Rxd6 40.
Qxd6 Qf5 41. Qd8+ Kh7 42. Bc4 Qe5 43. Bxe2 Qxe2 44. Qd5 Qe7 45. Rd1 g6 46. c4
h5 47. c5 Kg7 48. c6 Qe2 49. c7 Qc2 50. Qd4+ Kh7 51. Qd8 Qxa2 52. c8=Q Kh6 53.
Qh8+ Kg5 54. Qc1+ Kf5 55. Qc5+ 1-0

[Event "II Liga CS - Istok"]
[Site "Golubac"]
[Date "2008.10.05"]
[Round "4.5"]
[White "Rolj, Petar"]
[Black "Batanjac, Aleksandar"]
[Result "1-0"]
[WhiteElo "2061"]
[BlackElo "2177"]
[PlyCount "92"]
[EventDate "2008.09.14"]

1. e4 e6 2. d4 d5 3. exd5 exd5 4. Be3 Bd6 5. Bd3 Ne7 6. Ne2 Nd7 7. Ng3 Nf6 8.
c3 h5 9. h3 h4 10. Ne2 Nf5 11. Bg5 Rh5 12. Qd2 c6 13. Bf4 Ne4 14. Bxe4 dxe4 15.
Na3 g5 16. Bxd6 Nxd6 17. O-O-O Be6 18. b3 a5 19. Kb2 b5 20. Ra1 Qe7 21. Nc2 f5
22. f4 g4 23. Ne3 gxh3 24. gxh3 Qf7 25. Rhg1 a4 26. Qc2 Kd7 27. Rad1 axb3 28.
axb3 Kc7 29. d5 Bxd5 30. Nxd5+ cxd5 31. Nd4 Rh6 32. Qf2 Qe7 33. Ra1 e3 34. Qe2
Rxa1 35. Rxa1 Kb6 36. Nc2 Qe4 37. Qxe3+ Qxe3 38. Nxe3 Re6 39. Nxd5+ Kc5 40. Nb4
Re2+ 41. Ka3 Re3 42. Rd1 Nc4+ 43. Ka2 Re2+ 44. Ka1 Nd2 45. Nd3+ Kd5 46. Nc1 Ke4
1-0

[Event "II Liga CS - Istok"]
[Site "Golubac"]
[Date "2008.10.05"]
[Round "4.5"]
[White "Marinkovic, Vojkan"]
[Black "Jovic, Dusan"]
[Result "0-1"]
[WhiteElo "2054"]
[BlackElo "2150"]
[PlyCount "92"]
[EventDate "2008.09.14"]

1. e4 e5 2. Nf3 Nc6 3. Bb5 Nf6 4. O-O Bc5 5. d3 O-O 6. h3 Nd4 7. Nxd4 Bxd4 8.
c3 Bb6 9. Bg5 h6 10. Bh4 c6 11. Bc4 d5 12. Bxf6 gxf6 13. Bb3 Kh7 14. Qf3 Be6
15. Nd2 Rg8 16. Rad1 Rg6 17. Kh2 Qd7 18. Rg1 Rag8 19. Nf1 f5 20. exf5 Bxf5 21.
Ne3 Be6 22. g4 Bc7 23. Kh1 Qe7 24. Rg2 Rf6 25. Qe2 Rf4 26. Rg3 Qf6 27. Kg1 Bb6
28. Bc2 Kh8 29. Rf1 e4 30. dxe4 Qe5 31. Kg2 Bc7 32. Rg1 dxe4 33. Bb3 Bd5 34.
Kf1 Bb6 35. g5 Bxe3 36. Qxe3 Rxg5 37. Rxg5 hxg5 38. Rg3 b6 39. Qe2 Kg7 40. Qh5
f6 41. h4 Qf5 42. hxg5 Rxf2+ 43. Kg1 Rf1+ 44. Kh2 Qh7 45. gxf6+ Kh8 46. Qxh7+
Kxh7 0-1